00477nam a22001457a 450000500170000000800410001702000280005804100130008608200130009910000410011224500740015326000530022730000260028065000250030620240122104928.0240122b |||||||| |||| 00| 0 eng d a0409003301 ; 0409003948 aEnglish  a349 JOU  aJoubert, WA and Scott, TJ lEnglish  aThe Law of South Africa : Indigenous Law / cWA Joubert and TJ Scott  aDurban : bButterworth Publishers (Pty), c1994  b280 pages ; c26 cm.  aLegal practice bLaw